[Event "Modra op"]
[Site "Modra"]
[Date "2023.02.20"]
[Round "1"]
[White "Durik, Martin"]
[Black "Meszaros, Casey Ryan"]
[Result "1-0"]
[WhiteElo "1456"]
[BlackElo "1796"]
[PlyCount "119"]
[EventDate "2023.02.20"]
[EventType "swiss"]
[EventRounds "7"]
[EventCountry "SVK"]
[SourceTitle "EXT 2024"]
[Source "ChessBase"]
[SourceDate "2023.10.10"]
[SourceVersion "1"]
[SourceVersionDate "2023.10.10"]
[SourceQuality "1"]

1. e4 d5 2. exd5 Nf6 3. d4 Bg4 4. Bb5+ Nbd7 5. Ne2 a6 6. Bd3 Nxd5 7. c4 N5f6 8. Nbc3 e5 9. f3 Bh5 10. d5 Bc5 11. a3 a5 12. Bg5 h6 13. Bh4 g5 14. Bg3 Qe7 15. Qc2 Be3 16. h3 Nc5 17. Bf5 a4 18. Rd1 Rg8 19. Nb5 Rd8 20. Nec3 Bg6 21. Bxg6 Rxg6 22. Qf5 Nh5 23. Bf2 Bxf2+ 24. Kxf2 Rf6 25. Qc2 Kf8 26. Rhe1 Kg7 27. Nxa4 Nxa4 28. Qxa4 Qc5+ 29. Re3 Rf4 30. Rc1 Rxd5 31. Qb4 Qxb4 32. axb4 Rd2+ 33. Re2 Rxe2+ 34. Kxe2 c6 35. Nd6 b5 36. cxb5 cxb5 37. Ne4 Rh4 38. Rc7 Nf4+ 39. Kf1 Nd5 40. Rb7 Nxb4 41. Rxb5 Nc6 42. Rb7 Kf8 43. g3 Rxe4 44. fxe4 Kg7 45. b4 Nd4 46. b5 Kf6 47. b6 Ke6 48. Ra7 Kd6 49. Rxf7 Nc6 50. b7 Nb8 51. Kf2 Kc6 52. Kf3 h5 53. g4 h4 54. Rf5 Kxb7 55. Rxe5 Kc6 56. Rxg5 Kd6 57. Rh5 Nd7 58. Rxh4 Ne5+ 59. Kf4 Ng6+ 60. Kg5 1-0